Normal view
MARC view
Entry Personal Name
001 - CONTROL NUMBER
- control field: 945
003 - CONTROL NUMBER IDENTIFIER
- control field: csc
005 - DATE AND TIME OF LATEST TRANSACTION
- control field: 20140507162054.0
008 - FIXED-LENGTH DATA ELEMENTS
- fixed length control field: 130328|| aca||aabn | a|a d
040 ## - CATALOGING SOURCE
- Original cataloging agency: csc
- Transcribing agency: csc
100 ## - HEADING--PERSONAL NAME
- Personal name: Kerrisk, Michael,
- Dates associated with a name: 1961-
670 ## - SOURCE DATA FOUND
- Source citation: Work cat.: (csc)0: Kerrisk, Michael, 1961-, The Linux programming interface :, c2010.